LEADER 01323nam0-22003611i-450- 001 990000528210403321 005 20090309165449.0 010 $a0-7923-7881-4 035 $a000052821 035 $aFED01000052821 035 $a(Aleph)000052821FED01 035 $a000052821 100 $a20020821d2000----km-y0itay50------ba 101 0 $aeng 105 $aa-------101yy 200 1 $aSystem modelling and optimization$emethods, theory and applications$e19th IFIP TC7 conference on system modelling and optimization, July 12-16, 1999, Cambridge, UK$fedited by M.J.D. Powell, S. Scholtes 210 $aDordrecht$cKluwer academic$dİ2000 215 $aVIII, 347 p.$cill.$d24 cm 225 1 $aInternational Federation for Information Processing$v46 610 0 $aControllo automatico$aCongressi 610 0 $aTeoria del controllo$aCongressi 610 0 $aOttimizzazione matematica$aCongressi 676 $a629.831 2 702 1$aPowell,$bM.J.D. 702 1$aScholtes,$bStefan 710 12$aIFIP TC7 Conference on system modelling and optimization$d<19. ;$f1999 ;$eCambridge, England>$0492240 801 0$aIT$bUNINA$gRICA$2UNIMARC 901 $aBK 912 $a990000528210403321 952 $a10 PRO 486$bDIS 4674$fDINEL 959 $aDINEL 996 $aSystem modelling and optimization$9328693 997 $aUNINA LEADER 01165nam2-2200397---450- 001 990002730680203316 005 20070215144949.0 010 $a88-343-6919-X 035 $a000273068 035 $aUSA01000273068 035 $a(ALEPH)000273068USA01 035 $a000273068 100 $a20060406d1994----km-y0itay50------ba 101 0 $aita 102 $aIT 105 $a||||||||001yy 200 1 $a<<1.>> : Fondamenti ed etica biomedica$fElio Sgreccia 205 $a2. ed.$bnuova edizione aggiornata e ampliata 210 $aMilano$cVita e pensiero$d1994 215 $a734 p.$d24 cm 225 2 $aTrattati e manuali 410 0$12001$aTrattati e manuali 461 1$1001000273062$12001$aManuale di bioetica 606 0 $aBioetica 676 $a174.2 700 1$aSGRECCIA,$bElio$0230993 801 0$aIT$bsalbc$gISBD 912 $a990002730680203316 951 $aSANT.7 5 11.1$b1307 DDPG$cSANT.7 959 $aBK 969 $aDDPG 979 $aDDPG1$b10$c20060406$lUSA01$h1247 979 $aDDPG1$b90$c20061005$lUSA01$h1137 979 $aDDPG1$b90$c20070215$lUSA01$h1449 996 $aFondamenti ed etica biomedica$91000890 997 $aUNISA